| 000 | 00482cam a2200193ua 4500 | ||
|---|---|---|---|
| 001 | 1500 | ||
| 008 | 120216n ii |||gr||||Z||||||eng | ||
| 020 | _a0-7069-2841-5 | ||
| 040 | _cMAIN | ||
| 082 | _a339 | ||
| 100 |
_aJhingam, M. L., _d1983, |
||
| 245 | 1 |
_aMacro economics theory _cby M. L. Jhingan |
|
| 250 | _a1st. | ||
| 260 |
_aNew Delhi: _bVani Educational books,985. |
||
| 300 |
_axvi; 652p: _c23cm. |
||
| 653 | _aEconomics | ||
| 653 | _aMacro economic theory | ||
| 942 | _cBK | ||
| 999 |
_c1389 _d1389 |
||